[Event "6' Festival Internazionale del Fermano"]
[Site "?"]
[Date "2023.08.26"]
[Round "6"]
[White "Di Mantino, Mauro"]
[Black "Ruggeri, Pietro"]
[Result "1-0"]
[WhiteElo "1913"]
[BlackElo "1927"]
[PlyCount "97"]
[EventDate "2023.??.??"]
[SourceDate "2023.08.27"]

1. c4 e5 2. g3 Nc6 3. Nc3 Bb4 4. Nd5 a5 5. Nf3 d6 6. a3 Bc5 7. d3 Nge7 8. Bg2
Nxd5 9. cxd5 Ne7 10. d4 exd4 11. Nxd4 O-O 12. O-O Nf5 13. Nb3 Bb6 14. a4 Qf6
15. e3 Bd7 16. Qc2 Ne7 17. Bd2 c6 18. Bc3 Qg6 19. Qxg6 hxg6 20. dxc6 Bxc6 21.
Rfd1 Rfd8 22. Nd4 Bxg2 23. Kxg2 Bxd4 24. Rxd4 Nc6 25. Rd5 f6 26. Rad1 Kf7 27.
Rxd6 Rxd6 28. Rxd6 Ke7 29. Rd5 Ke6 30. Rb5 Ra7 31. f4 Kd6 32. e4 Kc7 33. g4 b6
34. e5 Ra8 35. exf6 gxf6 36. Bxf6 Re8 37. Kf3 Re1 38. h4 Rh1 39. h5 gxh5 40.
Rxh5 Rf1+ 41. Ke4 Nb4 42. g5 Re1+ 43. Kf5 Nd5 44. Be5+ Kd7 45. g6 Ne7+ 46. Kf6
Nd5+ 47. Kf7 Rg1 48. g7 Ne7 49. Rg5 1-0